000 00480nam a2200169 i 4500
001 107215
003 ES-MaACL
005 20230906184353.0
007 t|
008 061121s1912 sp r ||||1| spa d
100 1 _aMorales y Rodríguez, Gustavo.
_9215906
245 1 0 _aMás allá ; Luz de la sombra ; Don Profundis
_b: novelas /
_cGustavo Morales.
260 _aMadrid :
_bR.Velasco,
_c1912.
300 _a205 p. ;
_c19.
852 _aES-MaACL
_jG-9889
999 _c107215
_d107215